Christian ethics in secular society / (Record no. 964)

MARC details
000 -LEADER
fixed length control field 00788nam a2200265 a 4500
001 - CONTROL NUMBER
control field 917990
003 - CONTROL NUMBER IDENTIFIER
control field GBCCL
005 - DATE AND TIME OF LATEST TRANSACTION
control field 20241126110350.0
008 - FIXED-LENGTH DATA ELEMENTS--GENERAL INFORMATION
fixed length control field 830919s1983 miu b 001 0 eng
010 ## -
-- 82074065
020 ## - INTERNATIONAL STANDARD BOOK NUMBER
International Standard Book Number 0801042674
040 ## - CATALOGING SOURCE
Original cataloging agency DLC
Transcribing agency DLC
Modifying agency DLC
050 00 -
-- BJ1251
-- .H84 1983
082 00 - DEWEY DECIMAL CLASSIFICATION NUMBER
Classification number 241.67
Edition information 19
Item number HUG
100 1# - MAIN ENTRY--PERSONAL NAME
Personal name Hughes, Philip Edgcumbe.
9 (RLIN) 1585
245 10 - TITLE STATEMENT
Title Christian ethics in secular society /
Statement of responsibility, etc. Philip Edgcumbe Hughes.
260 ## - PUBLICATION, DISTRIBUTION, ETC.
Place of publication, distribution, etc. Grand Rapids, Mich. :
Name of publisher, distributor, etc. Baker Book House,
Date of publication, distribution, etc. c1983.
300 ## - PHYSICAL DESCRIPTION
Extent 223 p. ;
Dimensions 24 cm.
500 ## - GENERAL NOTE
General note "A Canterbury book."--Jacket.
500 ## - GENERAL NOTE
General note Includes index.
504 ## - BIBLIOGRAPHY, ETC. NOTE
Bibliography, etc. note Bibliography: p. 213-214.
650 #0 - SUBJECT ADDED ENTRY--TOPICAL TERM
Topical term or geographic name entry element Christian ethics.
9 (RLIN) 68
906 ## - LOCAL DATA ELEMENT F, LDF (RLIN)
a 7
b cbc
c orignew
d 3
e opcn
f 19
g y-gencatlg
942 ## - ADDED ENTRY ELEMENTS (KOHA)
Source of classification or shelving scheme Dewey Decimal Classification
Koha item type Books
Koha issues (borrowed), all copies 6
Holdings
Withdrawn status Lost status Source of classification or shelving scheme Damaged status Not for loan Home library Current Library Shelving location Date acquired Total checkouts Total renewals Full call number Barcode Date last seen Date last checked out Copy number Price effective from Koha item type
    Dewey Decimal Classification     GRACE BIBLE COLLEGE GRACE BIBLE COLLEGE Theology 2017-03-31 12 11 241.67 HUG 000706 2026-03-18 2026-03-09 c.1 2017-03-31 Books
© Grace Bible College Library 2025